Thuyết hiện sinh là một thuyết nhân bản
Tìm hiểu và chỉ ra tính nhân bản của thuyết hiện sinh
Đã lưu trong:
| Hovedforfatter: | |
|---|---|
| Format: | Bog |
| Sprog: | Undetermined |
| Udgivet: |
Hà Nội
Tri thức
2016
|
| Fag: | |
| Tags: |
Tilføj Tag
Ingen Tags, Vær først til at tagge denne postø!
|
| Thư viện lưu trữ: | Trung tâm Học liệu Trường Đại học Cần Thơ |
|---|
| LEADER | 00739nam a2200217Ia 4500 | ||
|---|---|---|---|
| 001 | CTU_215634 | ||
| 008 | 210402s9999 xx 000 0 und d | ||
| 020 | |c 45000 | ||
| 082 | |a 142.78 | ||
| 082 | |b S249 | ||
| 100 | |a Sartre, Jean-Paul | ||
| 245 | 0 | |a Thuyết hiện sinh là một thuyết nhân bản | |
| 245 | 0 | |c Jean-Paul Sartre ; Đinh Hồng Phúc (dịch) | |
| 260 | |a Hà Nội | ||
| 260 | |b Tri thức | ||
| 260 | |c 2016 | ||
| 520 | |a Tìm hiểu và chỉ ra tính nhân bản của thuyết hiện sinh | ||
| 650 | |a Existentialism,Trung tâm Học liệu ĐHCT | ||
| 650 | |x Triết học hiện sinh | ||
| 904 | |i Nguyên | ||
| 980 | |a Trung tâm Học liệu Trường Đại học Cần Thơ | ||